| 000 | 00613nam a22002057a 4500 | ||
|---|---|---|---|
| 003 | BD-DhJNU | ||
| 005 | 20250112053355.0 | ||
| 008 | 250112b |||||||| |||| 00| 0 eng d | ||
| 020 | _a9788189738242 | ||
| 040 |
_aBD-DhJNU _bENG _cBD-DhJNU _dBD-DhJNU |
||
| 082 |
_223 _a759.954 MAC |
||
| 100 | _aMajumder, Manasij | ||
| 245 |
_aClose to events: _bworks of Bikash Bhattacharjee / _cManasij Majumder |
||
| 260 |
_aNew Delhi : _bNiyogi Books, _c2007. |
||
| 300 |
_a250p. : _bill. ; _c32 cm. |
||
| 650 | _aBhattacharjee, Bikash, 1940-2006 | ||
| 650 | _aFine Arts | ||
| 650 | _aOil Paintings | ||
| 942 |
_2ddc _cBK _n0 |
||
| 999 |
_c1081 _d1081 |
||